| 000 | 00513nam a2200193 a 4500 | ||
|---|---|---|---|
| 001 | 3948 | ||
| 005 | 20140414131920.0 | ||
| 008 | 040716s19uu xx 00 eng d | ||
| 020 | _a0-590-92569-5 | ||
| 050 |
_aER _bOf1 1995 |
||
| 100 | _aRathman, Peggy | ||
| 245 |
_aOfficer Buckle and Gloria / _cPeggy Rathman. |
||
| 260 |
_aNew York : _bScholastic, _c1995. |
||
| 300 | _a1 v. p. : ill. ; cm. | ||
| 650 |
_aDogs _xFiction. |
||
| 650 |
_aPoliceman _xFiction. |
||
| 650 |
_aSafety _xFiction. |
||
| 999 |
_c111725 _d111725 |
||